[Event "1. Bundesliga 2019/2020"]
[Site "Volkshaus Bindermichl, Linz"]
[Date "2019.10.13"]
[Round "4"]
[Board "2"]
[White "Breder, Dennis"]
[Black "Handler, Lukas"]
[Result "1/2-1/2"]
[WhiteElo "2464"]
[BlackElo "2420"]
[PlyCount "65"]
[EventDate "2019.10.10"]
[EventType "team"]
[EventRounds "11"]
[EventCountry "AUT"]
[WhiteTeam "SK Hohenems"]
[BlackTeam "SC MPOE Maria Saal"]

1.e4 e6 2.d4 d5 3.Nd2 c5 4.Ngf3 cxd4 5.Nxd4 Nf6 6.exd5 a6 7.N4f3 Qxd5 8.Be2 Bd6 9.O-O
O-O 10.Nc4 Bc7 11.Be3 Nbd7 12.a4 e5 13.a5 e4 14.Ng5 Qf5 15.f3 Ne5 16.fxe4 Qg6 17.Nxe5
Bxe5 18.Ra4 Bd7 19.Rb4 Bc6 20.Nf3 Qh5 21.Nxe5 Qxe5 22.Qd4 Qxd4 23.Bxd4 Nxe4 24.Bd3
Rae8 25.Bb6 f5 26.Rd4 h6 27.b4 Nc3 28.Bc4+ Kh7 29.Rdf4 Ne2+ 30.Bxe2 Rxe2 31.R1f2 Re1+
32.Rf1 Re2 33.R1f2 1/2-1/2

[Event "1. Bundesliga 2019/2020"]
[Site "Volkshaus Bindermichl, Linz"]
[Date "2019.10.13"]
[Round "4"]
[Board "3"]
[White "Kreisl, Robert"]
[Black "Atlas, Valery"]
[Result "1/2-1/2"]
[WhiteElo "2401"]
[BlackElo "2428"]
[PlyCount "118"]
[EventDate "2019.10.10"]
[EventType "team"]
[EventRounds "11"]
[EventCountry "AUT"]
[WhiteTeam "SC MPOE Maria Saal"]
[BlackTeam "SK Hohenems"]

1.d4 Nf6 2.Nf3 b6 3.c4 e6 4.a3 Bb7 5.Nc3 g6 6.Qc2 d5 7.Bg5 Bg7 8.cxd5 exd5 9.e3 O-O
10.Bd3 c5 11.O-O Nbd7 12.Ne5 a6 13.Rad1 c4 14.Be2 b5 15.f4 Qc7 16.Bf3 Rae8 17.Bh4
Qc8 18.h3 Nb6 19.Bxf6 Bxf6 20.e4 Qd8 21.Kh2 Bg7 22.exd5 Nxd5 23.Qf2 f6 24.Nxd5 Bxd5
25.Nc6 Qd6 26.Bxd5+ Qxd5 27.Qf3 Qxf3 28.Rxf3 f5 29.b3 Rf6 30.d5 Rd6 31.bxc4 bxc4 32.Rc1
Re4 33.Kg3 Bf6 34.Rd1 c3 35.Rfd3 Rc4 36.Ne5 Rc5 37.Kf3 c2 38.Rc1 Rdxd5 39.Rxd5 Rxd5
40.Rxc2 Bxe5 41.fxe5 Rxe5 42.Kf4 Ra5 43.Kg5 f4+ 44.Kxf4 Rxa3 45.Rc7 Ra5 46.Ra7 Rf5+
47.Ke4 Rf6 48.h4 h5 49.Ke5 Rb6 50.Kf4 Rb4+ 51.Kg5 Rg4+ 52.Kh6 Rxg2 53.Rxa6 Kf7 54.Rb6
Rg4 55.Ra6 Rxh4 56.Rxg6 Rh1 57.Ra6 h4 58.Kh5 h3 59.Kh4 h2 1/2-1/2

[Event "1. Bundesliga 2019/2020"]
[Site "Volkshaus Bindermichl, Linz"]
[Date "2019.10.13"]
[Round "4"]
[Board "4"]
[White "Henrichs, Thomas"]
[Black "Buhmann, Rainer"]
[Result "1-0"]
[WhiteElo "2455"]
[BlackElo "2581"]
[PlyCount "75"]
[EventDate "2019.10.10"]
[EventType "team"]
[EventRounds "11"]
[EventCountry "AUT"]
[WhiteTeam "SK Hohenems"]
[BlackTeam "SC MPOE Maria Saal"]

1.d4 Nf6 2.Nf3 d5 3.c4 e6 4.Nc3 Be7 5.Bg5 h6 6.Bh4 O-O 7.e3 b6 8.Be2 Bb7 9.Bxf6 Bxf6
10.cxd5 exd5 11.b4 c6 12.O-O Re8 13.Qb3 Qd6 14.Rfd1 Nd7 15.a4 a5 16.bxa5 Rxa5 17.Bd3
c5 18.Bb5 cxd4 19.exd4 Re6 20.g3 Nf8 21.Bf1 Ra8 22.Rab1 Bc6 23.Bg2 Ree8 24.Ne5 Bxe5
25.dxe5 Qxe5 26.Bxd5 Bxd5 27.Nxd5 Nd7 28.Qb5 Ra7 29.Rbc1 Rea8 30.Re1 Qg5 31.h4 Qg4
32.Rc4 Qf3 33.Rf4 Qa3 34.Re7 Nf6 35.Rxa7 Rxa7 36.Nxf6+ gxf6 37.Qe8+ Kh7 38.Rg4 1-0

[Event "1. Bundesliga 2019/2020"]
[Site "Volkshaus Bindermichl, Linz"]
[Date "2019.10.13"]
[Round "4"]
[Board "5"]
[White "Halvax, Georg"]
[Black "Baenziger, Fabian"]
[Result "1-0"]
[WhiteElo "2415"]
[BlackElo "2409"]
[PlyCount "61"]
[EventDate "2019.10.10"]
[EventType "team"]
[EventRounds "11"]
[EventCountry "AUT"]
[WhiteTeam "SC MPOE Maria Saal"]
[BlackTeam "SK Hohenems"]

1.e4 c5 2.Nf3 d6 3.d4 cxd4 4.Nxd4 Nf6 5.Nc3 a6 6.h4 h5 7.Bg5 e6 8.Qe2 Nbd7 9.O-O-O
Be7 10.g3 Qc7 11.Bg2 Rb8 12.f4 b5 13.e5 dxe5 14.Nc6 b4 15.Nxb8 bxc3 16.Nxd7 Nxd7 17.Bxe7
cxb2+ 18.Kb1 Kxe7 19.Qe3 f5 20.fxe5 Nxe5 21.Rhe1 Ng4 22.Qa3+ Kf7 23.Rd6 Rd8 24.Rc6
Qe7 25.Qa5 Bd7 26.Rxa6 Rc8 27.Bd5 Rc5 28.Bxe6+ Qxe6 29.Raxe6 Rxa5 30.Re7+ Kg6 31.Rxd7 1-0

[Event "1. Bundesliga 2019/2020"]
[Site "Volkshaus Bindermichl, Linz"]
[Date "2019.10.13"]
[Round "4"]
[Board "6"]
[White "Novkovic, Milan"]
[Black "Naumann, Alexander"]
[Result "0-1"]
[WhiteElo "2358"]
[BlackElo "2539"]
[PlyCount "44"]
[EventDate "2019.10.10"]
[EventType "team"]
[EventRounds "11"]
[EventCountry "AUT"]
[WhiteTeam "SK Hohenems"]
[BlackTeam "SC MPOE Maria Saal"]

1.d4 Nf6 2.Nf3 g6 3.c4 Bg7 4.e3 O-O 5.Be2 d6 6.O-O Nbd7 7.Nc3 e5 8.Qc2 Re8 9.b4 exd4
10.exd4 Nf8 11.d5 a5 12.bxa5 Bf5 13.Bd3 Bxd3 14.Qxd3 N8d7 15.Rb1 Nc5 16.Qc2 Rxa5 17.Nd2
Ra8 18.Nb3 Nfe4 19.Ne2 Qe7 20.Be3 Nxf2 21.Bxc5 Ng4 22.Bxd6 cxd6 0-1

[Event "1. Bundesliga 2019/2020"]
[Site "Volkshaus Bindermichl, Linz"]
[Date "2019.10.13"]
[Round "4"]
[Board "1"]
[White "Lenic, Luka"]
[Black "Michalik, Peter"]
[Result "1/2-1/2"]
[WhiteElo "2627"]
[BlackElo "2585"]
[PlyCount "60"]
[EventDate "2019.10.10"]
[EventType "team"]
[EventRounds "11"]
[EventCountry "AUT"]
[WhiteTeam "SV Raika Rapid Feffernitz"]
[BlackTeam "Mayrhofen/SK Zell Zillertal"]

1.d4 d5 2.c4 c6 3.Nf3 Nf6 4.Nc3 e6 5.Bg5 h6 6.Bxf6 Qxf6 7.e3 Nd7 8.Bd3 dxc4 9.Bxc4
Bd6 10.Ne4 Qe7 11.Nxd6+ Qxd6 12.O-O O-O 13.Qc2 b6 14.Rfd1 Bb7 15.Rac1 Qe7 16.Qe2 a6
17.a3 Rfc8 18.b4 a5 19.Rb1 axb4 20.axb4 Rc7 21.Bd3 c5 22.bxc5 bxc5 23.Rxb7 Rxb7 24.Be4
Rbb8 25.Bxa8 Rxa8 26.h3 Nf6 27.dxc5 Qxc5 28.Qb2 Qc7 29.Rc1 Qb8 30.Qxb8+ Rxb8 1/2-1/2

[Event "1. Bundesliga 2019/2020"]
[Site "Volkshaus Bindermichl, Linz"]
[Date "2019.10.13"]
[Round "4"]
[Board "2"]
[White "Miesbauer, Jan"]
[Black "Skoberne, Jure"]
[Result "0-1"]
[WhiteElo "2384"]
[BlackElo "2561"]
[PlyCount "46"]
[EventDate "2019.10.10"]
[EventType "team"]
[EventRounds "11"]
[EventCountry "AUT"]
[WhiteTeam "Mayrhofen/SK Zell Zillertal"]
[BlackTeam "SV Raika Rapid Feffernitz"]

1.e4 e6 2.d4 d5 3.Nd2 h6 4.c3 c5 5.Ngf3 Nf6 6.e5 Nfd7 7.Bd3 Nc6 8.O-O g5 9.h3 h5 10.g4
hxg4 11.hxg4 Qb6 12.c4 Nxd4 13.Nxd4 cxd4 14.cxd5 Nxe5 15.Nf3 Qd6 16.Bb5+ Ke7 17.Nxd4
Qxd5 18.f3 Kf6 19.Qd2 Ng6 20.Qc3 e5 21.Be3 Bc5 22.Rad1 Bxd4 23.Rxd4 Qxb5 0-1

[Event "1. Bundesliga 2019/2020"]
[Site "Volkshaus Bindermichl, Linz"]
[Date "2019.10.13"]
[Round "4"]
[Board "3"]
[White "Danin, Alexandre"]
[Black "Platzgummer, Fabian"]
[Result "1/2-1/2"]
[WhiteElo "2525"]
[BlackElo "2336"]
[PlyCount "58"]
[EventDate "2019.10.10"]
[EventType "team"]
[EventRounds "11"]
[EventCountry "AUT"]
[WhiteTeam "SV Raika Rapid Feffernitz"]
[BlackTeam "Mayrhofen/SK Zell Zillertal"]

1.e4 c5 2.Nf3 d6 3.d4 cxd4 4.Nxd4 Nf6 5.Nc3 Nc6 6.Be2 e5 7.Nf3 h6 8.O-O Be7 9.Re1
O-O 10.Bc4 Na5 11.Bf1 Be6 12.b3 Nc6 13.Bb2 a6 14.h3 Qa5 15.Qd2 Rfd8 16.Rad1 Rac8 17.a3
b5 18.Nd5 Bxd5 19.exd5 Qxd2 20.Rxd2 Nb8 21.c4 bxc4 22.Bxc4 Nfd7 23.a4 Nb6 24.Bf1 a5
25.Bb5 N8d7 26.Bc6 Nb8 27.Bb5 N8d7 28.Bc6 Nb8 29.Bb5 N8d7 1/2-1/2

[Event "1. Bundesliga 2019/2020"]
[Site "Volkshaus Bindermichl, Linz"]
[Date "2019.10.13"]
[Round "4"]
[Board "4"]
[White "Maiwald, Jens-Uwe"]
[Black "Schreiner, Peter"]
[Result "1-0"]
[WhiteElo "2437"]
[BlackElo "2440"]
[PlyCount "63"]
[EventDate "2019.10.10"]
[EventType "team"]
[EventRounds "11"]
[EventCountry "AUT"]
[WhiteTeam "Mayrhofen/SK Zell Zillertal"]
[BlackTeam "SV Raika Rapid Feffernitz"]

1.d4 e6 2.e4 d5 3.e5 c5 4.c3 Qb6 5.Nf3 Bd7 6.Bd3 Bb5 7.dxc5 Bxc5 8.b4 Bxd3 9.Qxd3
Be7 10.O-O Nd7 11.Na3 a6 12.Bf4 Rc8 13.Rac1 Qd8 14.c4 Bxb4 15.cxd5 Nc5 16.Qe3 Ne7
17.Bg5 Nxd5 18.Qd4 Qd7 19.Nc4 O-O 20.Qg4 Kh8 21.Rcd1 Na4 22.Nd6 f5 23.exf6 Bxd6 24.Rxd5
gxf6 25.Bf4 Rg8 26.Qh3 Rc6 27.Rfd1 Nc3 28.Rxd6 Rxd6 29.Rxd6 Ne2+ 30.Kh1 Qc7 31.Qh6
Qc3 32.Be5 1-0

[Event "1. Bundesliga 2019/2020"]
[Site "Volkshaus Bindermichl, Linz"]
[Date "2019.10.13"]
[Round "4"]
[Board "5"]
[White "Diermair, Andreas"]
[Black "Hausner, Ivan"]
[Result "1-0"]
[WhiteElo "2477"]
[BlackElo "2339"]
[PlyCount "107"]
[EventDate "2019.10.10"]
[EventType "team"]
[EventRounds "11"]
[EventCountry "AUT"]
[WhiteTeam "SV Raika Rapid Feffernitz"]
[BlackTeam "Mayrhofen/SK Zell Zillertal"]

1.d4 e6 2.c4 b6 3.e4 Bb7 4.Nc3 Bb4 5.f3 c5 6.d5 Bxc3+ 7.bxc3 e5 8.f4 d6 9.Nf3 Nd7
10.Bd3 Ne7 11.fxe5 Nxe5 12.Nxe5 dxe5 13.O-O O-O 14.a4 a5 15.Rb1 Bc8 16.Rf2 Bd7 17.Rfb2
Nc8 18.Be3 Ra6 19.Kh1 Qc7 20.h3 Nd6 21.g4 f6 22.Bf2 Be8 23.Bg3 Bg6 24.Qf3 Nc8 25.Kh2
Be8 26.Ra1 Qd6 27.g5 Ra7 28.gxf6 Rxf6 29.Qg4 Ne7 30.Rg2 Bd7 31.Qxg7+ Kxg7 32.Bxe5+
Kf7 33.Bxd6 Rxd6 34.e5 Rh6 35.e6+ Bxe6 36.Rf1+ Ke8 37.dxe6 Rxe6 38.Bxh7 Rd7 39.Rf3
Rdd6 40.Bc2 Rf6 41.Re3 Kf7 42.Rge2 Ng6 43.Be4 Kg7 44.Rg3 Rde6 45.Rg4 Rf4 46.Kg3 Rf1
47.Bd3 Rxe2 48.Bxe2 Rg1+ 49.Kf3 Rxg4 50.hxg4 Kf6 51.Ke4 Ne7 52.Bf3 Ke6 53.g5 Ng6 54.Bg4+ 1-0

[Event "1. Bundesliga 2019/2020"]
[Site "Volkshaus Bindermichl, Linz"]
[Date "2019.10.13"]
[Round "4"]
[Board "6"]
[White "Tabernig, Bernhard"]
[Black "Sebenik, Matej"]
[Result "1/2-1/2"]
[WhiteElo "2282"]
[BlackElo "2498"]
[PlyCount "162"]
[EventDate "2019.10.10"]
[EventType "team"]
[EventRounds "11"]
[EventCountry "AUT"]
[WhiteTeam "Mayrhofen/SK Zell Zillertal"]
[BlackTeam "SV Raika Rapid Feffernitz"]

1.d4 Nf6 2.c4 g6 3.Nc3 Bg7 4.e4 d6 5.Nf3 O-O 6.Be2 e5 7.O-O Nc6 8.d5 Ne7 9.Ne1 Nd7
10.Nd3 f5 11.Bd2 fxe4 12.Nxe4 Nf5 13.f3 a5 14.Rc1 b6 15.b3 Nc5 16.Ndxc5 bxc5 17.Qe1
a4 18.b4 cxb4 19.Bg5 Qe8 20.Qxb4 h6 21.Bd2 Nd4 22.Rf2 Bf5 23.Bd3 g5 24.c5 Rb8 25.Qc4
dxc5 26.Nxc5 Bxd3 27.Nxd3 Qb5 28.Qxb5 Rxb5 29.Rxc7 Rxd5 30.Nb4 Rdd8 31.Be3 Nf5 32.Bc5
Rd1+ 33.Rf1 Rfd8 34.Ra7 Nh4 35.Rxa4 Bf8 36.Bf2 R8d2 37.Na6 Nf5 38.g3 Nd4 39.Rxd1 Rxd1+
40.Kg2 Rd2 41.Ra5 Kf7 42.Rxe5 Rxa2 43.Nc5 Rc2 44.Ne4 Bg7 45.Rc5 Rxc5 46.Nxc5 Ne6 47.Ne4
Be5 48.Be1 Kg6 49.Bc3 Bc7 50.Bb4 h5 51.Bd6 Bb6 52.h3 Kf5 53.g4+ Kg6 54.Ng3 hxg4 55.hxg4
Bc7 56.Bxc7 Nxc7 57.Ne4 Nd5 58.Kf2 Nf4 59.Ke3 Nh3 60.Kd4 Ng1 61.Nd2 Nh3 62.Ke5 Nf4
63.Nc4 Nd3+ 64.Kd6 Kf6 65.Nd2 Ne1 66.Kd5 Nd3 67.Ne4+ Kg6 68.Ke6 Ne1 69.Nd2 Nd3 70.Nc4
Nf4+ 71.Kd6 Kf6 72.Ne3 Ne2 73.Nd5+ Kg6 74.Ke5 Ng1 75.Ke4 Ne2 76.Ke3 Nc1 77.Nc3 Nb3
78.Nd5 Nc1 79.Ke4 Ne2 80.Ne3 Kf6 81.Nd5+ Ke6 1/2-1/2

[Event "1. Bundesliga 2019/2020"]
[Site "Blumenhalle, St. Veit/Glan"]
[Date "2020.01.09"]
[Round "5"]
[Board "1"]
[White "Michalik, Peter"]
[Black "Georgiadis, Nico"]
[Result "0-1"]
[WhiteElo "2585"]
[BlackElo "2551"]
[PlyCount "138"]
[EventDate "2019.10.10"]
[EventType "team"]
[EventRounds "11"]
[EventCountry "AUT"]
[WhiteTeam "Mayrhofen/SK Zell Zillertal"]
[BlackTeam "SK Sparkasse Goetzis"]

1.e4 e5 2.Nf3 Nc6 3.Bb5 Nf6 4.O-O Nxe4 5.d4 Nd6 6.Bxc6 dxc6 7.dxe5 Nf5 8.Qxd8+ Kxd8
9.h3 Bd7 10.g4 Ne7 11.Ng5 Ke8 12.f4 h6 13.Ne4 h5 14.f5 hxg4 15.hxg4 Nd5 16.Kg2 c5
17.c4 Nb4 18.Nbc3 Bc6 19.Bg5 Be7 20.Rh1 Rg8 21.Bxe7 Kxe7 22.Kg3 Rad8 23.Rad1 Rd3+
24.Rxd3 Nxd3 25.f6+ Ke6 26.fxg7 Rxg7 27.Rh5 b6 28.Ng5+ Kxe5 29.Nxf7+ Kd4 30.Ne5 Be8
31.Nf3+ Kxc4 32.Nd2+ Kb4 33.a3+ Ka5 34.Nc4+ Ka6 35.Rd5 Bf7 36.Rd7 Rxg4+ 37.Kxg4 Be6+
38.Kf3 Bxd7 39.Ke3 Nc1 40.b4 Nb3 41.Ne5 Be6 42.Nc6 b5 43.bxc5 Nxc5 44.Nxa7 Kxa7 45.Nxb5+
Kb6 46.Nxc7 Kxc7 47.a4 Nxa4 48.Ke4 Kd6 49.Kf4 Nc5 50.Kg5 Ke5 51.Kg6 Nd7 52.Kg7 Kf5
53.Kh6 Ne5 54.Kg7 Kg5 55.Kh8 Kf6 56.Kh7 Ng6 57.Kh6 Bg8 58.Kh5 Ne5 59.Kh6 Ng4+ 60.Kh5
Kf5 61.Kh4 Kf4 62.Kh5 Bf7+ 63.Kh4 Ne3 64.Kh3 Be8 65.Kh4 Ng2+ 66.Kh3 Kf3 67.Kh2 Nf4
68.Kg1 Bb5 69.Kh2 Kf2  0-1

[Event "1. Bundesliga 2019/2020"]
[Site "Blumenhalle, St. Veit/Glan"]
[Date "2020.01.09"]
[Round "5"]
[Board "2"]
[White "Krassowizkij, Jaroslaw"]
[Black "Votava, Jan"]
[Result "1-0"]
[WhiteElo "2448"]
[BlackElo "2501"]
[PlyCount "129"]
[EventDate "2019.10.10"]
[EventType "team"]
[EventRounds "11"]
[EventCountry "AUT"]
[WhiteTeam "SK Sparkasse Goetzis"]
[BlackTeam "Mayrhofen/SK Zell Zillertal"]

1.e4 c5 2.Nf3 e6 3.d4 cxd4 4.Nxd4 a6 5.c4 d6 6.Nc3 Bd7 7.g3 Nc6 8.Nxc6 Bxc6 9.Bg2
Rc8 10.O-O h5 11.Be3 h4 12.b4 Be7 13.Rc1 Nf6 14.b5 h3 15.Bf3 axb5 16.cxb5 Bd7 17.e5
dxe5 18.Bxb7 Rb8 19.Bh1 Ba3 20.Rb1 O-O 21.Qa4 Qe7 22.Bg5 Rfc8 23.Ne4 Bc5 24.Bxf6 gxf6
25.Nxc5 Qxc5 26.Qg4+ Kf8 27.a4 f5 28.Qxh3 Kg7 29.Qh4 e4 30.Qg5+ Kf8 31.Rfd1 Be8 32.h4
Qe5 33.Rbc1 Rxc1 34.Qxc1 Ra8 35.Qc4 Kg8 36.Qd4 Qc7 37.h5 Qc2 38.h6 e5 39.Qd2 Qxd2
40.Rxd2 Kh7 41.Rb2 Rxa4 42.b6 Ra1+ 43.Kh2 Ra8 44.b7 Rb8 45.Rb6 f6 46.Bg2 Kg6 47.g4
Bd7 48.gxf5+ Bxf5 49.Bh3 Bxh3 50.Kxh3 Kh7 51.Kg4 Kg6 52.Kh4 Kh7 53.Kg4 Kg6 54.h7 Kxh7
55.Kf5 Kg7 56.Rb1 Kf7 57.Rb3 Ke7 58.Kxe4 Kd6 59.Kf5 Kd5 60.Kxf6 e4 61.Ke7 Kc4 62.Rb6
Kc5 63.Rb2 Kc6 64.Ke6 Kc7 65.Kd5  1-0

[Event "1. Bundesliga 2019/2020"]
[Site "Blumenhalle, St. Veit/Glan"]
[Date "2020.01.09"]
[Round "5"]
[Board "3"]
[White "Lanka, Zigurds"]
[Black "Walter, Stefan"]
[Result "1/2-1/2"]
[WhiteElo "2387"]
[BlackElo "2390"]
[PlyCount "131"]
[EventDate "2019.10.10"]
[EventType "team"]
[EventRounds "11"]
[EventCountry "AUT"]
[WhiteTeam "Mayrhofen/SK Zell Zillertal"]
[BlackTeam "SK Sparkasse Goetzis"]

1.e4 e5 2.Nf3 Nc6 3.Bb5 a6 4.Ba4 Nf6 5.d3 d6 6.c3 g6 7.O-O Bg7 8.Re1 O-O 9.Nbd2 Nb8
10.d4 Nbd7 11.Nf1 b5 12.Bc2 Bb7 13.Ng3 c6 14.h3 h6 15.Nh2 Kh7 16.f4 Ng8 17.Nf3 c5
18.dxe5 dxe5 19.f5 Bf6 20.Be3 Qc7 21.h4 Ne7 22.Rf1 Rad8 23.Qe2 c4 24.Qf2 gxf5 25.exf5
Nd5 26.Rae1 Nxe3 27.Rxe3 Rg8 28.Nh5 Qb6 29.Kh2 Rg4 30.g3 e4 31.Nd2 Ne5 32.Nxe4 Rxh4+
33.gxh4 Ng4+ 34.Kg3 Bxh4+ 35.Kxh4 Nxf2 36.Nef6+ Kh8 37.Rg3 Nh1 38.Rg7 Qxf6+ 39.Nxf6
Kxg7 40.Ng4 Rd2 41.f6+ Kf8 42.Bh7 h5 43.Ne5 Rh2+ 44.Kg5 Rg2+ 45.Kh6 Rf2 46.Rxf2 Nxf2
47.Nd7+ Ke8 48.Nc5 Bd5 49.Kxh5 Nd1 50.Nxa6 Kd7 51.Nb4 Be6 52.Nc2 Nxb2 53.Nd4 Na4 54.Nxb5
Kc6 55.Nd4+ Kd5 56.Ne2 Ke5 57.Kg5 Bd5 58.Bc2 Nc5 59.Nf4 Be4 60.Bd1 Bb1 61.Bf3 Bxa2
62.Bd5 Bb1 63.Bxf7 Ne4+ 64.Kg4 Nxf6+ 65.Kf3 Be4+ 66.Kg3  1/2-1/2

[Event "1. Bundesliga 2019/2020"]
[Site "Blumenhalle, St. Veit/Glan"]
[Date "2020.01.09"]
[Round "5"]
[Board "4"]
[White "Anistratov, Dmitrij"]
[Black "Platzgummer, Fabian"]
[Result "0-1"]
[WhiteElo "2237"]
[BlackElo "2336"]
[PlyCount "88"]
[EventDate "2019.10.10"]
[EventType "team"]
[EventRounds "11"]
[EventCountry "AUT"]
[WhiteTeam "SK Sparkasse Goetzis"]
[BlackTeam "Mayrhofen/SK Zell Zillertal"]

1.d4 d5 2.Bf4 Nf6 3.e3 c5 4.Nd2 Nc6 5.c3 g6 6.Ngf3 Qb6 7.Qc1 Bf5 8.dxc5 Qxc5 9.Nb3
Qb6 10.Nbd4 Bd7 11.Nxc6 Bxc6 12.Be5 Bg7 13.Bd4 Qa5 14.a4 O-O 15.Be2 Rfc8 16.O-O Qd8
17.Ne5 Nd7 18.Nxc6 bxc6 19.Bxg7 Kxg7 20.c4 Qa5 21.Rd1 Nf6 22.Qd2 Qxd2 23.Rxd2 Rab8
24.a5 Rb4 25.cxd5 cxd5 26.Bf3 e6 27.g3 Nd7 28.Kg2 Rc5 29.Be2 Nf6 30.Bd3 d4 31.exd4
Rxd4 32.Rdd1 Rcd5 33.Be2 Rd2 34.Bf3 Rxd1 35.Bxd1 Rd2 36.Rb1 Ne4 37.Kf3 f5 38.Ke3 Rxf2
39.b4 Rxh2 40.b5 Nc3 41.b6 axb6 42.axb6 Nxb1 43.Be2 Nc3 44.Kd3 Rxe2  0-1

[Event "1. Bundesliga 2019/2020"]
[Site "Blumenhalle, St. Veit/Glan"]
[Date "2020.01.09"]
[Round "5"]
[Board "5"]
[White "Maiwald, Jens-Uwe"]
[Black "Neyman, Igor"]
[Result "0-1"]
[WhiteElo "2437"]
[BlackElo "2345"]
[PlyCount "118"]
[EventDate "2019.10.10"]
[EventType "team"]
[EventRounds "11"]
[EventCountry "AUT"]
[WhiteTeam "Mayrhofen/SK Zell Zillertal"]
[BlackTeam "SK Sparkasse Goetzis"]

1.e4 c5 2.d3 Nc6 3.g3 Nf6 4.Bg2 d5 5.Nd2 Bg4 6.Ngf3 dxe4 7.dxe4 e5 8.h3 Be6 9.O-O
h6 10.c3 Be7 11.Qe2 O-O 12.Nc4 Qc7 13.Nh4 Rfe8 14.f4 Rad8 15.Nxe5 Nxe5 16.fxe5 Nd7
17.Nf5 Nxe5 18.Bf4 Bxf5 19.exf5 Bf6 20.Qb5 Re7 21.Rad1 Red7 22.Rxd7 Rxd7 23.Re1 Re7
24.Rd1 b6 25.Rd5 Qc8 26.g4 Kh7 27.a4 g5 28.fxg6+ Nxg6 29.Bg3 Qe6 30.Rd6 Qe3+ 31.Bf2
Qc1+ 32.Qf1 Qf4 33.Rd5 Be5 34.Qd3 Qc1+ 35.Bf1 Qxb2 36.Qf5 Qxc3 37.h4 Kg7 38.g5 h5
39.Rd3 Qb4 40.Qf3 Qf4 41.Qxf4 Bxf4 42.a5 Ne5 43.Rd5 f6 44.axb6 axb6 45.gxf6+ Kxf6
46.Bh3 Rg7+ 47.Kf1 Rg6 48.Be1 Ke7 49.Ke2 Rd6 50.Rxd6 Kxd6 51.Bf5 b5 52.Bc3 b4 53.Bxe5+
Kxe5 54.Bg6 Kd4 55.Bxh5 b3 56.Bf7 c4 57.h5 Bh6 58.Be6 Kc3 59.Kd1 Kb4  0-1

[Event "1. Bundesliga 2019/2020"]
[Site "Blumenhalle, St. Veit/Glan"]
[Date "2020.01.09"]
[Round "5"]
[Board "6"]
[White "Ferk, Martin"]
[Black "Hausner, Ivan"]
[Result "0-1"]
[WhiteElo "1888"]
[BlackElo "2339"]
[PlyCount "64"]
[EventDate "2019.10.10"]
[EventType "team"]
[EventRounds "11"]
[EventCountry "AUT"]
[WhiteTeam "SK Sparkasse Goetzis"]
[BlackTeam "Mayrhofen/SK Zell Zillertal"]

1.d4 d6 2.c4 e5 3.Nf3 exd4 4.Nxd4 g6 5.Nc3 Bg7 6.g3 Nf6 7.Bg2 O-O 8.O-O Re8 9.e4 Nbd7
10.Nb3 a5 11.a4 Ne5 12.c5 dxc5 13.Qxd8 Rxd8 14.Nxc5 b6 15.Bf4 Nh5 16.Bxe5 Bxe5 17.Nb3
Be6 18.Nc1 Rd2 19.Rb1 Bc4 20.Re1 Rad8 21.Bf3 Nf6 22.Nd1 Be6 23.b3 Nd7 24.Ne3 Nc5 25.Re2
Rxe2 26.Nxe2 Nxb3 27.Rd1 Rxd1+ 28.Nxd1 Nc5 29.Ndc3 Bb3 30.Bg4 Nxa4 31.Nb5 Bc4 32.Ned4
Nc5  0-1

[Event "1. Bundesliga 2019/2020"]
[Site "Blumenhalle, St. Veit/Glan"]
[Date "2020.01.09"]
[Round "5"]
[Board "1"]
[White "Rozentalis, Eduardas"]
[Black "Abasov, Nijat Azad"]
[Result "1/2-1/2"]
[WhiteElo "2545"]
[BlackElo "2664"]
[PlyCount "60"]
[EventDate "2019.10.10"]
[EventType "team"]
[EventRounds "11"]
[EventCountry "AUT"]
[WhiteTeam "SK Hohenems"]
[BlackTeam "SV Raika Rapid Feffernitz"]

1.e4 c5 2.Nf3 e6 3.c3 Nf6 4.e5 Nd5 5.Bc4 Nc6 6.O-O d6 7.d4 cxd4 8.cxd4 Be7 9.exd6
Qxd6 10.Nc3 O-O 11.Re1 b6 12.Nxd5 exd5 13.Bb5 Bf6 14.Bf4 Qxf4 15.Bxc6 Rb8 16.Bxd5
Bg4 17.h3 Bh5 18.Qb3 Bxf3 19.Qxf3 Qxd4 20.Rab1 Rbd8 21.Red1 Qe5 22.b3 Rd7 23.Bc4 Rfd8
24.Rxd7 Rxd7 25.Rd1 Rxd1+ 26.Qxd1 Qe7 27.g3 g6 28.Qd5 Kg7 29.Kg2 h5 30.h4 Bc3  1/2-1/2

[Event "1. Bundesliga 2019/2020"]
[Site "Blumenhalle, St. Veit/Glan"]
[Date "2020.01.09"]
[Round "5"]
[Board "2"]
[White "Skoberne, Jure"]
[Black "Schneider, Ilja"]
[Result "1-0"]
[WhiteElo "2561"]
[BlackElo "2486"]
[PlyCount "43"]
[EventDate "2019.10.10"]
[EventType "team"]
[EventRounds "11"]
[EventCountry "AUT"]
[WhiteTeam "SV Raika Rapid Feffernitz"]
[BlackTeam "SK Hohenems"]

1.Nf3 d5 2.g3 Nd7 3.d4 b5 4.Nc3 c6 5.Bg2 e6 6.O-O Ngf6 7.Ne5 Nxe5 8.dxe5 Nd7 9.e4
b4 10.Ne2 Nxe5 11.Nd4 Bc5 12.Bf4 Ng6 13.Nxc6 Qb6 14.exd5 Nxf4 15.gxf4 O-O 16.Ne5 exd5
17.Bxd5 Ba6 18.Bxa8 Bxf1 19.Nd7 Qg6+ 20.Kxf1 Rxa8 21.Nxc5 Qc6 22.Nd3  1-0

[Event "1. Bundesliga 2019/2020"]
[Site "Blumenhalle, St. Veit/Glan"]
[Date "2020.01.09"]
[Round "5"]
[Board "3"]
[White "Breder, Dennis"]
[Black "Danin, Alexandre"]
[Result "1/2-1/2"]
[WhiteElo "2464"]
[BlackElo "2525"]
[PlyCount "39"]
[EventDate "2019.10.10"]
[EventType "team"]
[EventRounds "11"]
[EventCountry "AUT"]
[WhiteTeam "SK Hohenems"]
[BlackTeam "SV Raika Rapid Feffernitz"]

1.e4 d5 2.exd5 Qxd5 3.Nc3 Qd6 4.d4 Nf6 5.Nf3 Bg4 6.h3 Bh5 7.Be3 c6 8.g4 Bg6 9.Ne5
Nbd7 10.Nxg6 hxg6 11.Qf3 e6 12.O-O-O Nb6 13.Kb1 Nbd5 14.Nxd5 Qxd5 15.Be2 Qxf3 16.Bxf3
Nd5 17.Bd2 O-O-O 18.b3 Nc7 19.Be3 Nd5 20.Bd2  1/2-1/2

[Event "1. Bundesliga 2019/2020"]
[Site "Blumenhalle, St. Veit/Glan"]
[Date "2020.01.09"]
[Round "5"]
[Board "4"]
[White "Schreiner, Peter"]
[Black "Atlas, Valery"]
[Result "1/2-1/2"]
[WhiteElo "2440"]
[BlackElo "2428"]
[PlyCount "133"]
[EventDate "2019.10.10"]
[EventType "team"]
[EventRounds "11"]
[EventCountry "AUT"]
[WhiteTeam "SV Raika Rapid Feffernitz"]
[BlackTeam "SK Hohenems"]

1.d4 Nf6 2.Nf3 b6 3.Bg5 e6 4.e4 h6 5.Bxf6 Qxf6 6.Bd3 Bb7 7.O-O d5 8.Nc3 Bb4 9.exd5
Bxc3 10.bxc3 Bxd5 11.Ne5 O-O 12.f4 g6 13.Qg4 Qg7 14.Qh4 f5 15.Rae1 Nc6 16.Nxc6 Bxc6
17.Rxe6 Bd5 18.Re5 c6 19.c4 Bf7 20.Rfe1 Rad8 21.c3 Rd7 22.R1e3 g5 23.Qf2 Bg6 24.a4
c5 25.d5 Rdf7 26.h4 Bh5 27.hxg5 hxg5 28.Rg3 Bg4 29.Be2 Kh8 30.Kf1 Qh6 31.fxg5 Qxg5
32.Kg1 Qc1+ 33.Qf1 Qh6 34.Re6 Qg5 35.Qf2 Qc1+ 36.Bf1 Qg5 37.Be2 Qc1+ 38.Bf1 Qg5 39.Re5
Qh6 40.Re6 Qg5 41.Qe2 Qf4 42.Qe5+ Qxe5 43.Rxe5 Bd1 44.a5 bxa5 45.d6 Rd8 46.Rd3 Bc2
47.Rd2 Be4 48.Rxc5 Rfd7 49.Rxa5 Rxd6 50.Rxd6 Rxd6 51.Rxa7 Rd2 52.c5 Rc2 53.Rc7 Rxc3
54.Be2 Kg8 55.Kf2 Kf8 56.Bf3 Bxf3 57.gxf3 Ke8 58.Kg3 Kd8 59.Rf7 Rxc5 60.Kf4 Ke8 61.Rxf5
Rc6 62.Kg5 Ke7 63.f4 Ra6 64.Rb5 Kf7 65.Rb7+ Kf8 66.f5 Rc6 67.Ra7  1/2-1/2

[Event "1. Bundesliga 2019/2020"]
[Site "Blumenhalle, St. Veit/Glan"]
[Date "2020.01.09"]
[Round "5"]
[Board "5"]
[White "Henrichs, Thomas"]
[Black "Diermair, Andreas"]
[Result "0-1"]
[WhiteElo "2455"]
[BlackElo "2477"]
[PlyCount "74"]
[EventDate "2019.10.10"]
[EventType "team"]
[EventRounds "11"]
[EventCountry "AUT"]
[WhiteTeam "SK Hohenems"]
[BlackTeam "SV Raika Rapid Feffernitz"]

1.e4 e5 2.Nf3 Nc6 3.Bb5 a6 4.Ba4 Nf6 5.O-O Be7 6.Re1 b5 7.Bb3 d6 8.c3 O-O 9.h3 Bb7
10.d4 Re8 11.Nbd2 Bf8 12.a4 Na5 13.Bc2 exd4 14.cxd4 b4 15.b3 g6 16.Bb2 Bg7 17.Qb1
Rc8 18.Bd3 Nd7 19.Qc2 c6 20.Rad1 d5 21.Qb1 Nf8 22.exd5 Rxe1+ 23.Rxe1 cxd5 24.Ne5 Ne6
25.Qd1 Rc7 26.Ndf3 Qd6 27.g3 Qb6 28.h4 Bc8 29.h5 Nc6 30.Nxc6 Qxc6 31.Qd2 Qb6 32.h6
Bf8 33.Bf1 Qd6 34.Bg2 f6 35.Nh2 Ng5 36.Qf4 Nh3+ 37.Bxh3 Qxf4  0-1